000 00278nam a22001217a 4500
020 _a0000000586207
040 _cNUST
082 _a823.8
_bHAR
100 _aThomas Hardy
245 _aThe Mayor Of Casterbridge
260 _aLahore:
_bA H Publishers,
_c2015.
942 _2ddc
_cBK
999 _c586381
_d586381